000 00780nam a2200217Ia 4500
003 OSt
005 20260224165255.0
008 221004b |||||||| |||| 00| 0 pan d
020 _a9788171435791 (hbk)
037 _cTextual
040 _aCRL
_cCRL
_bpan
041 _2pan
_apan
084 _aO153,3NTAR1x L8;Q2
100 _aਤਾਰੜ, ਮੁਸਤਨੱਸਰ ਹੁਸੈਨ
245 0 _aਪਖੇਰੂ
260 _aਅੰਮ੍ਰਿਤਸਰ
_bਰਵੀ ਸਾਹਿਤ ਭਾਰਤ
_c2012
300 _a104ਪੰ
_ccm.
650 _aਪੰਜਾਬੀ ਸਾਹਿਤ
942 _hO153,3NTAR1x L8;Q2
_cTEXL
_2cc
999 _c1024323
_d1024323